[Event "Olympiad-44"]
[Site "Chennai"]
[Date "2022.08.05"]
[Round "7.4"]
[White "Chahin Godoy, Angel Eduardo"]
[Black "Delgado Rosas, Alex Antonio"]
[Result "0-1"]
[WhiteElo "1844"]
[BlackElo "2149"]
[PlyCount "96"]
[EventDate "2022.07.29"]
[EventType "team-swiss"]
[EventRounds "11"]
[EventCountry "IND"]
[SourceTitle "CBM 210"]
[Source "ChessBase"]
[SourceDate "2022.10.31"]
[SourceVersion "1"]
[SourceVersionDate "2022.10.31"]
[SourceQuality "1"]
[WhiteTeam "Honduras"]
[BlackTeam "Panama"]
[WhiteTeamCountry "HON"]
[BlackTeamCountry "PAN"]

1. e4 c5 2. Nf3 g6 3. c3 d5 4. e5 Bg7 5. d4 cxd4 6. cxd4 Nh6 7. Nc3 0-0 8. Be2 Nc6 9. Qb3 Nf5 10. Qd1 e6 11. g4 Nh4 12. Nxh4 Qxh4 13. Bf4 Qe7 14. g5 a6 15. a3 b5 16. Qd2 Bb7 17. 0-0 Qc7 18. Rac1 Qb6 19. Rfd1 Na5 20. Rc2 Rac8 21. Be3 Rfd8 22. b4 Nc4 23. Bxc4 dxc4 24. f4 Qc6 25. d5 exd5 26. Bd4 Bf8 27. Qe3 a5 28. bxa5 Ra8 29. Rb1 Rxa5 30. Rcb2 Rxa3 31. Rxb5 Bc8 32. Rb6 Qd7 33. Rb8 Qg4+ 34. Qg3 Qf5 35. Qe3 Be7 36. Qg3 Qc2 37. R8b2 Qf5 38. Rb8 Qc2 39. R8b2 Rxc3 40. Qxc3 Qxc3 41. Bxc3 Bf5 42. Bd4 Bxb1 43. Rxb1 Rc8 44. Kf1 Bc5 45. Bxc5 Rxc5 46. Ke2 d4 47. Rb8+ Kg7 48. Kd2 c3+ 0-1

[Event "Online Olym Div3 E"]
[Site "Chess.com INT"]
[Date "2021.08.29"]
[Round "9.5"]
[White "Chahin Godoy, Angel Eduardo"]
[Black "Glaves, Raheem"]
[Result "0-1"]
[WhiteElo "1269"]
[BlackElo "2139"]
[PlyCount "64"]
[EventDate "2021.08.27"]
[EventType "team-tourn (rapid)"]
[EventRounds "9"]
[EventCountry "USA"]
[SourceTitle "CBM 204 Extra"]
[Source "ChessBase"]
[SourceDate "2021.11.30"]
[SourceVersion "1"]
[SourceVersionDate "2021.11.30"]
[SourceQuality "1"]
[WhiteTeam "Honduras"]
[BlackTeam "Jamaica"]
[WhiteTeamCountry "HON"]
[BlackTeamCountry "JAM"]

1. e4 c6 2. d4 d5 3. e5 Bf5 4. Nf3 e6 5. a3 h6 6. Be2 Ne7 7. 0-0 g5 8. g3 Ng6 9. Bd3 Bxd3 10. Qxd3 Nd7 11. c4 dxc4 12. Qxc4 Nb6 13. Qd3 Qd7 14. Nc3 Be7 15. b4 g4 16. Ne1 0-0-0 17. Bb2 Nxe5 18. Qe2 Nec4 19. Rd1 Nxb2 20. Qxb2 h5 21. Nd3 Nc4 22. Qe2 Qxd4 23. Ne4 Ne5 24. Ndc5 Nf3+ 25. Kg2 Qe5 26. Qc4 h4 27. Rxd8+ Rxd8 28. b5 Qd5 29. Qc2 Bxc5 30. bxc6 bxc6 31. Rb1 h3+ 32. Kh1 Ng5 0-1

[Event "Online Olym Div3 E"]
[Site "Chess.com INT"]
[Date "2021.08.27"]
[Round "2.4"]
[White "Chahin Godoy, Angel Eduardo"]
[Black "Acheampong, Dave Quansah"]
[Result "1-0"]
[WhiteElo "1269"]
[BlackElo "1375"]
[PlyCount "47"]
[EventDate "2021.08.27"]
[EventType "team-tourn (rapid)"]
[EventRounds "9"]
[EventCountry "USA"]
[SourceTitle "CBM 204 Extra"]
[Source "ChessBase"]
[SourceDate "2021.11.30"]
[SourceVersion "1"]
[SourceVersionDate "2021.11.30"]
[SourceQuality "1"]
[WhiteTeam "Honduras"]
[BlackTeam "Ghana"]
[WhiteTeamCountry "HON"]
[BlackTeamCountry "GHA"]

1. e4 c5 2. Nc3 a6 3. a4 d6 4. g3 Nf6 5. Bg2 e6 6. Nge2 Be7 7. 0-0 0-0 8. d3 Nbd7 9. h3 b6 10. e5 Nd5 11. Nxd5 exd5 12. Bxd5 Rb8 13. exd6 Bxd6 14. Bf4 Nf6 15. Bg2 Re8 16. Bxd6 Qxd6 17. Qd2 Qe5 18. Nc3 Qh5 19. h4 Qg4 20. Rfe1 Rxe1+ 21. Rxe1 Bb7 22. Bxb7 Rxb7 23. Qg5 Qh3 24. Nd5 1-0

[Event "Online Olym Div3 E"]
[Site "Chess.com INT"]
[Date "2021.08.27"]
[Round "3.3"]
[White "Salazar Cabezas, Alberto Javier"]
[Black "Chahin Godoy, Angel Eduardo"]
[Result "1-0"]
[WhiteElo "2124"]
[BlackElo "1269"]
[PlyCount "61"]
[EventDate "2021.08.27"]
[EventType "team-tourn (rapid)"]
[EventRounds "9"]
[EventCountry "USA"]
[SourceTitle "CBM 204 Extra"]
[Source "ChessBase"]
[SourceDate "2021.11.30"]
[SourceVersion "1"]
[SourceVersionDate "2021.11.30"]
[SourceQuality "1"]
[WhiteTeam "Nicaragua"]
[BlackTeam "Honduras"]
[WhiteTeamCountry "NCA"]
[BlackTeamCountry "HON"]

1. Nf3 Nf6 2. c4 c6 3. Nc3 d5 4. e3 g6 5. d4 Bg7 6. Be2 0-0 7. 0-0 b6 8. Ne5 Bb7 9. cxd5 cxd5 10. b3 Nbd7 11. f4 Rc8 12. Bb2 Nxe5 13. dxe5 Ne4 14. Nxe4 dxe4 15. Bd4 e6 16. Qd2 Qe7 17. a4 Bd5 18. Rfb1 Rc7 19. Bd1 g5 20. a5 b5 21. a6 gxf4 22. exf4 Bh6 23. Ra5 b4 24. Rb5 Rfc8 25. g3 Rc6 26. Rb7 R8c7 27. Rxb4 e3 28. Rb8+ Kg7 29. Qxe3 Qa3 30. Qe2 Rc1 31. Qg4+ 1-0